000 01586nam2a22003251 4500
001 rc\4047115
005 20250630143846.0
021 _aRU
_b[55-25902]
035 _a(NLR Aleph) 008103613
090 _a9259745
_c9259745
100 _a20130415d1955 |||y0rusy50 ca
101 0 _arus
102 _aRU
105 _aa z |||||
200 1 _aТруды по физике, астрономии и приборостроению. 1744-1765 гг.
_f[Ред. Т.П. Кравец и В.Л. Ченакал]
210 _cИзд-во Акад. наук СССР
_d1955
215 _a831 с., 3 л. ил.
_cил.
461 0 _1001rc\4047110
_12001#$aПолное собрание сочинений$f[Гл. ред.: С.И. Вавилов и др.]$gАкад. наук СССР. Т. 1-$vТ. 4
_1700#1$aЛомоносов$bМ.В.$f1711-1765$gМихаил Васильевич$3RU\NLR\AUTH\772859
_99259718
_aЛомоносов, М.В. (1711-1765)
_cМосква
_d1950
_f[Гл. ред.: С.И. Вавилов и др.]
_nИзд-во и 1-я тип. Изд-ва Акад. наук СССР в Л.
_tПолное собрание сочинений
_vТ. 4
606 _aАстрономия (т. 4)
_2psbo
606 _aФизика (т. 4)
_2psbo
606 _aПриборостроение (т. 4)
_2psbo
702 1 _aКравец
_bТ.П.
_gТоричан Павлович
_4340
702 1 _aЧенакал
_bВ.Л.
_4340
801 0 _aRU
_bNLR
_gpsbo
801 1 _aRU
_bELAR
_2rusmarc
852 _aNLR
_jПр90 Г-5/21
852 _aNLR
_jКрI/2048
942 _cBOOK
980 _aNB